| 000 | 00399nam a2200145Ia 4500 | ||
|---|---|---|---|
| 008 | 210210b1969 xxu||||| |||| 00| 0 eng d | ||
| 082 | _a082 CHAD | ||
| 100 | _aCHAR (Narasimha K T). | ||
| 245 | _aDay book of thoughts from Mahatma Gandhi. | ||
| 260 |
_aMadras. _bMacmillan & Co. Ltd. _c1969 |
||
| 300 | _axxiv,208 | ||
| 650 | _aThoyghts, Gandhi | ||
| 690 | _aGeneral Collections | ||
| 906 | _a027762 | ||
| 999 |
_c79040 _d79040 |
||